Deities by Civilization - Statistics

General Stats
  • This quiz has been taken 109 times
  • The average score is 10 of 20
Answer Stats
Hint Answer % Correct
Zeus Greek
99%
Neptune Roman
96%
Odin Norse
89%
Tlaloc Aztec
80%
Pan Gu Chinese
72%
Suijin Japanese
72%
Pele Hawaiian
70%
Djehuti Egyptian
66%
Lakshmi Hindu
63%
Brianan Celtic
55%
Pachamama Incan
54%
Maui Maori
49%
Vainamoinen Finnish
32%
Utu Mesopotamian
25%
Nerthus Germanic
23%
Yemoja Yoruba
21%
Nortia Etruscan
17%
Erathipa Aboriginal
10%
A'as Hittite
8%
Tiwara Pawnee
3%
No matching quizzes found
Score Distribution
Percent of People with Each Score
Percentile by Number Answered
Your Score History
You have not taken this quiz